[Event "ch-FRA Accession 2018"]
[Site "Nimes FRA"]
[Date "2018.08.21"]
[Round "4.4"]
[White "Fruchard, Cyrille"]
[Black "Velten, Paul"]
[Result "1/2-1/2"]
[BlackTitle "GM"]
[WhiteElo "2240"]
[BlackElo "2464"]
[WhiteFideId "26001330"]
[BlackFideId "681091"]
[EventDate "2018.08.18"]

1. d4 Nf6 2. c4 e6 3. Nc3 Bb4 4. e3 O-O 5. Ne2 Re8 6. a3 Bf8 7. e4 d6 8. f3 a6
9. Be3 Nbd7 10. Ng3 c5 11. Be2 cxd4 12. Bxd4 b6 13. O-O Bb7 14. Qc2 Qc7 15. Rac1
Rac8 16. Rfd1 Qb8 17. Bf1 Bc6 18. Qf2 Be7 19. Kh1 Bd8 20. Be3 Ne5 21. b3 Bc7 22.
Nge2 Rcd8 23. Nd4 Bb7 24. Nc2 Ned7 25. Qg1 h6 26. b4 Rc8 27. Nd4 Qa8 28. Nb3 Qb8
29. Bd4 Re7 30. a4 Qa8 31. Ra1 Ne5 32. a5 bxa5 33. Bxe5 dxe5 34. Nxa5 Rb8 35. c5
Bc8 36. Rdb1 Bd8 37. Bc4 Rd7 38. Ne2 Ne8 39. Qc1 Nc7 40. Qc3 Bf6 41. Rd1 Kf8 42.
Qa3 Ke8 43. Qa4 Nb5 44. Bxb5 axb5 45. Qc2 Qa6 46. Rxd7 Bxd7 47. Nb3 Qc8 48. Ra7
Bd8 49. Qa2 Bc6 50. Nc3 h5 51. Kg1 Bg5 52. Kf2 Kf8 53. Qa6 Be8 54. Qxc8 Rxc8 55.
Ke2 h4 56. Na5 Rd8 57. Nb3 1/2-1/2

[Event "ch-FRA Accession 2018"]
[Site "Nimes FRA"]
[Date "2018.08.23"]
[Round "6.1"]
[White "Lagarde, Maxime"]
[Black "Monroy, Charles"]
[Result "1/2-1/2"]
[WhiteTitle "GM"]
[BlackTitle "IM"]
[WhiteElo "2607"]
[BlackElo "2428"]
[WhiteFideId "662399"]
[BlackFideId "621641"]
[EventDate "2018.08.18"]

1. e4 e5 2. Bc4 Nf6 3. d3 Nc6 4. Nf3 Be7 5. a4 O-O 6. O-O d5 7. exd5 Nxd5 8. a5
Bg4 9. c3 Qd6 10. h3 Bh5 11. Nbd2 Rad8 12. Ne4 Qd7 13. Nxe5 Nxe5 14. Qxh5 Nxc4
15. dxc4 Nf6 16. Nxf6+ Bxf6 17. Qf3 Qc8 18. a6 bxa6 19. Bf4 Rfe8 20. Ra5 Qb8 21.
b4 Qa8 22. Qxa8 Rxa8 23. Rxa6 Re4 24. Bxc7 Rxc4 25. Bd6 Bxc3 26. Rc1 Rd8 27.
Rxa7 h6 28. Rc7 Rd4 29. R1xc3 R8xd6 30. Rf3 Rxb4 31. Rfxf7 Rg6 32. g3 Rbb6 33.
Kg2 Rbf6 34. Rfd7 Rd6 35. Rc8+ Kh7 36. Rdc7 Rgf6 37. Rc2 Rd3 38. h4 Rdf3 39. h5
R3f5 40. g4 Rf4 41. R8c4 Rxc4 42. Rxc4 Ra6 43. Rc8 Ra4 44. Kg3 Rb4 45. Re8 Ra4
46. f3 Rb4 47. Re4 Rb3 48. Rc4 Kg8 49. Kf4 Kf7 50. Ke4 Ra3 51. Rc5 Kf6 52. Rc6+
Kf7 53. Rd6 Rb3 54. f4 Ke7 55. Rc6 Rb5 56. Kd4 Rb1 57. Kd5 Re1 58. Rc5 Re2 59.
Rc4 Kf6 60. Rc6+ Ke7 61. Rb6 Kf7 62. g5 hxg5 63. fxg5 Re1 64. g6+ Ke7 65. Rb7+
Kf6 66. Rf7+ Kg5 67. Rxg7 Kxh5 68. Rg8 Kh6 1/2-1/2

[Event "ch-FRA Accession 2018"]
[Site "Nimes FRA"]
[Date "2018.08.23"]
[Round "6.3"]
[White "Fruchard, Cyrille"]
[Black "Bailet, Pierre"]
[Result "0-1"]
[BlackTitle "IM"]
[WhiteElo "2240"]
[BlackElo "2496"]
[WhiteFideId "26001330"]
[BlackFideId "655830"]
[EventDate "2018.08.18"]

1. d4 Nf6 2. c4 e6 3. Nc3 Bb4 4. e3 O-O 5. Ne2 c6 6. a3 Ba5 7. b4 Bc7 8. e4 d6
9. Ng3 e5 10. d5 a5 11. Bd2 Bb6 12. Be2 Bd4 13. O-O axb4 14. axb4 Rxa1 15. Qxa1
Na6 16. Qb1 cxd5 17. Nb5 Bb6 18. exd5 Nc7 19. Nxc7 Bxc7 20. f4 Bb6+ 21. Kh1 Bd4
22. Nf5 Bxf5 23. Qxf5 e4 24. g4 g6 25. Qg5 Qa8 26. f5 Qa2 27. Qf4 Be5 28. Qg5
Ra8 29. Rf2 Ra3 30. Be3 Qb3 31. Bf4 e3 32. Rf1 Qc2 0-1